| 000 | 00739nam a22002292 4500 | ||
|---|---|---|---|
| 001 | 0000002064 | ||
| 005 | 20151217151838.0 | ||
| 008 | 070402s xx 000 0 eng d | ||
| 020 |
_a0748770801 : _cKES 112.00 |
||
| 040 |
_aKABU _cKABU |
||
| 050 | 0 |
_aHF1017 _b.D73 2003 |
|
| 100 | 1 |
_aDransfield, Rob. _@0000151283 |
|
| 245 | 1 | 0 |
_aStatistics made easy / _cRob Dransfield. |
| 260 |
_aCheltenham, United Kingdom : _bNelson Thornes, _c2003. |
||
| 300 |
_avii, 103 p. ; _c28 cm. |
||
| 440 | 0 |
_aUnderstanding business _@0000151284 |
|
| 650 | 0 |
_aCommercial statistics. _@0000149884 |
|
| 908 | _a070402 | ||
| 950 | _@1 | ||
| 999 |
_c5621 _d5621 |
||